000 00797cam a22002174a 4500
999 _c59800
_d59800
001 16800410
005 20230421105751.0
008 110527s2012 nyua b 000 0 eng
020 _a9781848728684
041 _aeng
080 _a316.6 H-22
245 0 0 _aHandbook of the history of social psychology /
_cedited by Arie W. Kruglanski and Wolfgang Stroebe.
264 _aLondon :
_bRoutledge,
_c2012.
300 _a532 p. :
_bill. ;
_c29 cm.
650 0 _aSocial psychology
_xHistory
_vHandbooks, manuals, etc.
_917695
650 0 _aSocial psychology.
_917696
653 _aსოციალური ფსიქოლოგია
700 1 _aKruglanski, Arie W.
_eრედაქტორი
_917697
700 1 _aStroebe, Wolfgang.
_eრედაქტორი
_917698
942 _2udc
_cBK